Online
Catalog

Diccionario de historia moderna / (Record no. 43554)

MARC details
000 -CABECERA
campo de control de longitud fija 00722nam a2200193 a 4500
001 - NÚMERO DE CONTROL
campo de control 000044065
005 - FECHA Y HORA DE LA ÚLTIMA TRANSACCIÓN
campo de control 20201002045127.0
008 - DATOS DE LONGITUD FIJA--INFORMACIÓN GENERAL
campo de control de longitud fija 140515s1971 sp 000 0 spa d
040 ## - FUENTE DE LA CATALOGACIÓN
Centro catalogador/agencia de origen DO-SdBNP
Lengua de catalogación spa
Centro/agencia transcriptor BNPHU
100 1# - ENTRADA PRINCIPAL--NOMBRE DE PERSONA
Nombre de persona Alan Warwick Palmer
9 (RLIN) 72054
240 10 - TÍTULO UNIFORME
Título uniforme Dictionary of modern history
Lenguaje de la obra español
245 10 - MENCIÓN DE TÍTULO
Título Diccionario de historia moderna /
Mención de responsabilidad, etc. A. W. Palmer ; traducción de Ana M. Mayench ; revisión y adaptación de Vicente Martínez Santos ; prólogo de Joan Reglá.
260 ## - PUBLICACIÓN, DISTRIBUCIÓN, ETC.
Lugar de publicación, distribución, etc. Barcelona :
Nombre del editor, distribuidor, etc. Labor,
Fecha de publicación, distribución, etc. 1971.
300 ## - DESCRIPCIÓN FÍSICA
Extensión 279 p. ;
Dimensiones 20 cm.
490 1# - MENCIÓN DE SERIE
Mención de serie Nueva colección labor.
700 12 - PUNTO DE ACCESO ADICIONAL--NOMBRE DE PERSONA
Nombre de persona Mayanch, Ana M.
Término indicativo de función/relación tr.
9 (RLIN) 72055
700 12 - PUNTO DE ACCESO ADICIONAL--NOMBRE DE PERSONA
Nombre de persona Reglá, Joan
Término indicativo de función/relación pról.
9 (RLIN) 72056
830 #0 - PUNTO DE ACCESO ADICIONAL DE SERIE-TÍTULO UNIFORME
Título uniforme Nueva colección labor.
9 (RLIN) 47503
Holdings
Estado de retiro Estado de pérdida Restricciones de uso No para préstamo Código de colección Localización permanente Ubicación/localización actual Ubicación en estantería Fecha de adquisición Número de inventario Total de préstamos Signatura topográfica completa Código de barras Fecha visto por última vez Precio válido a partir de Tipo de ítem Koha
        Monografías: Libros y Folletos General General Orden iniciada 15.05.2014 LF1   44065-10 25.06.2020 25.06.2020 No se presta

Powered by Koha